France or Germany - Statistics

General Stats
  • This quiz has been taken 58 times
  • The average score is 11 of 15
Answer Stats
Question Answer % Correct
Has longer coastline? France
93%
Do people drink more wine? France
93%
Owns Saarland? Germany
89%
Owns Alsace-Lorraine? France
86%
Still has overseas territories? France
86%
Had colonised modern-day Namibia in the past? Germany
86%
Has more population? Germany
82%
Has more GDP? Germany
82%
Has more GDP per capita? Germany
79%
Has had more success at international football throughout history? Germany
79%
Is larger by area? France
75%
Has hosted the Olympic Games more times? France
68%
Had a larger empire in the past? France
68%
Has a higher percentage of Christians? France
39%
Has higher inflation rate? Germany
25%
No matching quizzes found
Score Distribution
Percent of People with Each Score
Percentile by Number Answered
Your Score History
You have not taken this quiz